Catálogo público

Análisis de la eficiencia y cumplimiento de la normatividad, en la elaboración de mezcal artesanal, en San Juan del Rio, Oaxaca / (Record no. 209742)

MARC details
000 -CABECERA
campo de control de longitud fija 04101nam a2200493 a 4500
001 - NÚMERO DE CONTROL
campo de control dia_7834
003 - IDENTIFICADOR DEL NÚMERO DE CONTROL
campo de control CHAP
005 - FECHA Y HORA DE LA ÚLTIMA TRANSACCIÓN
campo de control 20240620100216.0
007 - CAMPO FIJO DE DESCRIPCIÓN FÍSICA--INFORMACIÓN GENERAL
campo de control de longitud fija ta
008 - DATOS DE LONGITUD FIJA--INFORMACIÓN GENERAL
campo de control de longitud fija 220601s2018 mx abdefrm 001 0 spa d
040 ## - FUENTE DE LA CATALOGACIÓN
Centro catalogador/agencia de origen mxchpua
Centro/agencia transcriptor CHAP
Normas de descripción rda
041 0# - CÓDIGO DE LENGUA
Código de lengua del texto/banda sonora o título independiente spa
090 ## - LOCALMENTE ASIGNADO TIPO-LC NÚMERO DE CLASIFICACIÓN (OCLC); NÚMERO DE CLASIFICACIÓN LOCAL (RLIN)
Número de clasificación (OCLC) (R) ; Numero de clasificación, CALL (RLIN) (NR) Tesis
Número cutter local (OCLC) ; Número de libro/Signatura topográfica íntegra, CALL (RLIN) A43
año 2018
100 1# - ENTRADA PRINCIPAL--NOMBRE DE PERSONA
Nombre de persona Alavez Carrada, Lenin
245 10 - MENCIÓN DE TÍTULO
Título Análisis de la eficiencia y cumplimiento de la normatividad, en la elaboración de mezcal artesanal, en San Juan del Rio, Oaxaca /
Mención de responsabilidad, etc. Lenin Alavez Carrada
264 ## - PRODUCCIÓN, PUBLICACIÓN, DISTRIBUCIÓN, FABRICACIÓN Y COPYRIGHT
Producción, publicación, distribución, fabricación y copyright Chapingo, México :
Nombre del de productor, editor, distribuidor, fabricante El autor,
Fecha de producción, publicación, distribución, fabricación o copyright 2018
300 ## - DESCRIPCIÓN FÍSICA
Extensión xii, 69 hojas :
Otras características físicas ilustraciones, gráficas, mapas, tablas, fotos, planos +
Material acompañante/anejo 1 CD-ROM
336 ## - TIPO DE CONTENIDO
Fuente rdacontent
Término de tipo de contenido texto
Código de tipo de contenido txt
337 ## - TIPO DE MEDIO
Fuente rdamedia
Nombre/término del tipo de medio no mediado
Código del tipo de medio n
338 ## - TIPO DE SOPORTE
Fuente rdacarrier
Nombre/término del tipo de soporte volumen
Código del tipo de soporte nc
500 ## - NOTA GENERAL
Nota general El CD contiene reporte, artículo y presentación
502 ## - NOTA DE TESIS
Nota de tesis Tesis
Tipo de título (Ingeniero Agroindustrial) --
Nombre de la institución que otorga el título UACh. Departamento de Ingeniería Agroindustrial,
Año de obtención del título 2018
504 ## - NOTA DE BIBLIOGRAFÍA, ETC.
Nota de bibliografía, etc. Bibliografía: hojas 66-68
505 ## - NOTA DE CONTENIDO CON FORMATO
Nota de contenido con formato 5 planos : --<br/>1. Señalización de seguridad y protección nom-002-stps-2010<br/>2. Plano de distribución de áreas <br/>3. Plano de distribución de equipo <br/>4. Diagrama de recorrido <br/>5. Propuesta de diagrama de recorrido
520 3# - SUMARIO, ETC.
Sumario, etc. El mezcal es la segunda bebida mexicana con mayor producción, solo por detrás del tequila, en los últimos años esta mística bebida está siendo tendencia en el país; pero también más allá de las fronteras, en este último año se envasaron alrededor de 2.8 millones de litros para el mercado de exportación de acuerdo a datos de COMERCAM, 2017. La creciente demanda de mezcal tanto en el país como en el extranjero, está provocando que las empresas busquen la manera de hacer más eficientes sus procesos y a la par cumplan con las normas que dictan el Estado y los organismos certificadores. Debido a estos hechos la DESTILERIA LOS DANZANTES S.A. DE C.V. está buscando mejorar la eficiencia y cumplir con la normatividad, de los palenques que se encuentran dentro del proyecto "Alipús", en específico el palenque de la organización PRODUCTORES DE MEZCAL DAAN GHIDOO S.P.R DE R.I, ubicado en el municipio de San Juan del Rio, Oaxaca. Para lograr estos objetivos se realizó lo siguiente: En primer lugar, se llevó a cabo un diagnóstico del proceso de producción, para identificar las áreas en las que no se está aprovechando al 100% la capacidad instalada del palenque, así como ciertas zonas que necesitan aplicar las siguientes normas: NOM-251-SSA1-2009. Prácticas de higiene para el proceso de alimentos, bebidas o suplementos alimenticios. Y la NOM-002-STPS-2010. Condiciones de seguridad-Prevención y protección contra incendios en los centros de trabajo. Al final se llegó a la conclusión de que el palenque solo utiliza el 27.2% de su capacidad instalada y que presenta zonas de alto riesgo de incendios, así como áreas donde falta aplicar las buenas prácticas de manufactura. Para dar alternativas de solución a los problemas encontrados, se realizaron diagramas de recorrido, señalización de rutas de evacuación, cronogramas analíticos y una calendarización de producción para el año 2019.
650 13 - PUNTO DE ACCESO ADICIONAL DE MATERIA--TÉRMINO DE MATERIA
Término de materia o nombre geográfico como elemento de entrada Mezcal
Subdivisión geográfica México
-- Oaxaca
Fuente del encabezamiento o término atg
650 13 - PUNTO DE ACCESO ADICIONAL DE MATERIA--TÉRMINO DE MATERIA
Término de materia o nombre geográfico como elemento de entrada Alcoholes etílicos
Subdivisión general Propiedades fisicoquímicas
Fuente del encabezamiento o término atg
650 13 - PUNTO DE ACCESO ADICIONAL DE MATERIA--TÉRMINO DE MATERIA
Término de materia o nombre geográfico como elemento de entrada Alcoholes etílicos
Subdivisión general Propiedades sensoriales
Fuente del encabezamiento o término atg
650 13 - PUNTO DE ACCESO ADICIONAL DE MATERIA--TÉRMINO DE MATERIA
Término de materia o nombre geográfico como elemento de entrada Alcoholes etílicos
Subdivisión general Calidad del producto
Fuente del encabezamiento o término atg
650 13 - PUNTO DE ACCESO ADICIONAL DE MATERIA--TÉRMINO DE MATERIA
Término de materia o nombre geográfico como elemento de entrada Distilled spirits
Subdivisión general Physicochemical properties
Fuente del encabezamiento o término atg
650 13 - PUNTO DE ACCESO ADICIONAL DE MATERIA--TÉRMINO DE MATERIA
Término de materia o nombre geográfico como elemento de entrada Distilled spirits
Subdivisión general Sensory properties
Fuente del encabezamiento o término atg
650 13 - PUNTO DE ACCESO ADICIONAL DE MATERIA--TÉRMINO DE MATERIA
Término de materia o nombre geográfico como elemento de entrada Distilled spirits
Subdivisión general Product quality
Fuente del encabezamiento o término atg
700 1# - PUNTO DE ACCESO ADICIONAL--NOMBRE DE PERSONA
Nombre de persona Reyna Izaguirre, Diana América
Término indicativo de función/relación directora
700 1# - PUNTO DE ACCESO ADICIONAL--NOMBRE DE PERSONA
Nombre de persona Espejel Zaragoza, José Alfredo
Término indicativo de función/relación asesor
700 1# - PUNTO DE ACCESO ADICIONAL--NOMBRE DE PERSONA
Nombre de persona Szymanski Duque, Rosa Guadalupe
Término indicativo de función/relación asesora
856 41 - LOCALIZACIÓN Y ACCESO ELECTRÓNICOS
Identificador Uniforme del Recurso <a href="http://10.13.5.2/tesis/sist115486.pdf">http://10.13.5.2/tesis/sist115486.pdf</a>
Texto de enlace DESCARGAR PDF
901 ## - ELEMENTOS DE DATOS A LOCAL LDA (RLIN)
a TESIS A43 2018
942 ## - ELEMENTOS DE PUNTO DE ACCESO ADICIONAL (KOHA)
Tipo de ítem Koha TESIS
Fuente del sistema de clasificación o colocación Clasificación Universidad Autónoma Chapingo
902 ## - ELEMENTOS DE DATOS B LOCAL, LDB (RLIN)
a M
905 ## - ELEMENTOS DE DATOS E LOCAL, LDE (RLIN)
a 5232272018 MX NML 8223123322SPA16
Holdings
Estado de retiro Estado de pérdida Fuente del sistema de clasificación o colocación Estado dañado Restricciones de uso No para préstamo Código de colección Localización permanente Ubicación/localización actual Fecha de adquisición Fuente de adquisición Total de préstamos Signatura topográfica completa Código de barras Fecha visto por última vez Número de copia Tipo de ítem Koha Ubicación en estantería Precio válido a partir de
    Clasificación Universidad Autónoma de Chapingo   Préstamo interno   Tesis Ingenieria Agroindustrial Ingenieria Agroindustrial 01/06/2022 El autor   Tesis A43 2018 1101013334 01/06/2022 Ej. 3 CD    
    Clasificación Universidad Autónoma de Chapingo   Préstamo interno   Tesis Ingenieria Agroindustrial Ingenieria Agroindustrial 01/06/2022 El autor   Tesis A43 2018 1101013332 02/02/2026 Ej. 1 Tesis    
    Clasificación Universidad Autónoma de Chapingo   Préstamo interno   Tesis Ingenieria Agroindustrial Ingenieria Agroindustrial 01/06/2022 El autor   Tesis A43 2018 1101013333 01/06/2022 Ej. 2 CD    
    Clasificación Universidad Autónoma de Chapingo       Tesis digitales de Licenciatura Ingenieria Agroindustrial Ingenieria Agroindustrial 20/02/2023 El autor     1201013332 20/02/2023   Tesis digital En línea 20/02/2023